header

Universe. (Record no. 255866)

MARC details
000 -LEADER
fixed length control field 01251cam a22003494a 4500
001 - CONTROL NUMBER
control field 15987481
003 - CONTROL NUMBER IDENTIFIER
control field OSt
005 - DATE AND TIME OF LATEST TRANSACTION
control field 20170301114446.0
008 - FIXED-LENGTH DATA ELEMENTS--GENERAL INFORMATION
fixed length control field 091117s2011 nyua 001 0 eng
010 ## - LIBRARY OF CONGRESS CONTROL NUMBER
LC control number 2009941776
020 ## - INTERNATIONAL STANDARD BOOK NUMBER
International Standard Book Number 9781429240154
International Standard Book Number 1429240156
040 ## - CATALOGING SOURCE
Original cataloging agency DLC
Transcribing agency DLC
Modifying agency DLC
042 ## - AUTHENTICATION CODE
Authentication code pcc
050 00 - LIBRARY OF CONGRESS CALL NUMBER
Classification number QB43.3
Item number .F744 2011
100 1# - MAIN ENTRY--PERSONAL NAME
Personal name Freedman, Roger A.
245 10 - TITLE STATEMENT
Title Universe.
Name of part/section of a work Stars and galaxies /
Statement of responsibility, etc Roger A. Freedman, Robert M. Geller, William J. Kaufmann, III.
250 ## - EDITION STATEMENT
Edition statement 4th ed.
260 ## - PUBLICATION, DISTRIBUTION, ETC. (IMPRINT)
Place of publication, distribution, etc New York :
Name of publisher, distributor, etc W.H. Freeman,
Date of publication, distribution, etc c2011.
300 ## - PHYSICAL DESCRIPTION
Extent 1 v. (various pagings) :
Other physical details col ill. ;
Dimensions 28 cm.
500 ## - GENERAL NOTE
General note Includes index.
650 #0 - SUBJECT ADDED ENTRY--TOPICAL TERM
Topical term or geographic name as entry element Astronomy
Form subdivision Textbooks.
Topical term or geographic name as entry element Cosmology
Form subdivision Textbooks.
700 1# - ADDED ENTRY--PERSONAL NAME
Personal name Geller, Robert M.
Personal name Kaufmann, William J.
856 42 - ELECTRONIC LOCATION AND ACCESS
Materials specified Publisher description
Uniform Resource Identifier <a href="http://www.loc.gov/catdir/enhancements/fy1201/2009941776-d.html">http://www.loc.gov/catdir/enhancements/fy1201/2009941776-d.html</a>
Materials specified Table of contents only
Uniform Resource Identifier <a href="http://www.loc.gov/catdir/enhancements/fy1201/2009941776-t.html">http://www.loc.gov/catdir/enhancements/fy1201/2009941776-t.html</a>
906 ## - LOCAL DATA ELEMENT F, LDF (RLIN)
a 7
b cbc
c origcop
d 3
e epcn
f 20
g y-gencatlg
942 ## - ADDED ENTRY ELEMENTS (KOHA)
Source of classification or shelving scheme Library of Congress Classification
Koha item type Long Loan Books
Holdings
Withdrawn status Lost status Source of classification or shelving scheme Damaged status Not for loan Collection code Home library Current library Shelving location Date acquired Total Checkouts Full call number Barcode Date last seen Price effective from Koha item type
    Library of Congress Classification     Non-fiction Rongo University Library Rongo University Library General Stacks 01/03/2017   QB43.3 .F744 2011 201613379 01/03/2017 01/03/2017 Long Loan Books

© 2026 Rongo University
Contact us: librarian | system librarian | Rongo university